000 00450nmm a2200157Ia 4500
008 251105s9999||||xx |||||||||||||||||und||
020 _a9789562845380
041 _aspa
100 _aLedermann, Walter
245 0 _aUna historia personal de las bacterias
264 _a[Santiago de Chile, Chile] :
_bRil editores,
_c2007
300 _a424 páginas
650 _aSciences
856 _uhttps://public.digitaliapublishing.com/a/29700
942 _cCF
999 _c94393
_d94393